Polovodičové prvky a obvody : Príručka. Časť 1 /
Saved in:
| Main Authors: | , , |
|---|---|
| Format: | Book |
| Language: | Slovak |
| Published: |
Bratislava :
STU v Bratislave,
1978
|
| Edition: | 2.vyd. |
| Tags: |
No Tags, Be the first to tag this record!
|
MARC
| LEADER | 00000nam a22000003a 4500 | ||
|---|---|---|---|
| 001 | stu6902 | ||
| 005 | 20150617225809.0 | ||
| 008 | 940722s1978----cs------------------slo-d | ||
| 040 | |a STU |b slo | ||
| 041 | 0 | |a slo | |
| 044 | |a cs | ||
| 100 | 1 | |a Csabay, Otto, |d 1937- |4 aut |u E210 |U FEI Fakulta elektrotechniky a informatiky |T FEI Katedra mikroelektroniky |X 3574 |U E210 |Y 68 |7 A000003574 | |
| 245 | 1 | |a Polovodičové prvky a obvody : |b Príručka. Časť 1 / |c [aut.] Csabay,Otto; Hulényi,Ladislav; Weber,Bedřich | |
| 250 | |a 2.vyd. | ||
| 260 | |a Bratislava : |b STU v Bratislave, |c 1978 | ||
| 300 | |a 131 s | ||
| 700 | 1 | |a Hulényi, Ladislav, |d 1938- |4 aut |u E210 |U FEI Fakulta elektrotechniky a informatiky |T FEI Katedra mikroelektroniky |X 3573 |U E210 |Y 68 |7 A000003573 | |
| 700 | 1 | |a Weber, Bedřich, |d 1946- |4 aut |u E030 |U FEI Fakulta elektrotechniky a informatiky |T FEI Ústav elektroniky a fotoniky |X 2090 |U E030 |Y 549 |7 A000002090 | |
| 996 | |b 284EK09153 |c E*40503 |l EE0105 |s P |a 0 |w stu6902_0001 | ||